Spelling Check #1 - Statistics

General Stats
  • This quiz has been taken 711 times
  • The average score is 10 of 20
Answer Stats
Incorrect Words Corrected Words % Correct
buisness business
94%
legnth length
93%
extreem extreme
92%
recieve receive
91%
definately definitely
86%
they're cat their cat
81%
hypocrit hypocrite
74%
your awesome you're awesome
60%
bouyant buoyant
57%
petestal pedestal
51%
imedietely immediately
47%
medivel medieval
47%
preformence performance
42%
exilerate exhilarate
32%
colums columns
23%
inturesteng interesting
22%
supersticiuns superstitions
17%
refrigerater refrigerator
13%
Masechusetts Massachusetts
10%
miniscule minuscule
10%
No matching quizzes found
Score Distribution
Percent of People with Each Score
Percentile by Number Answered
Your Score History
You have not taken this quiz